[Event "Asia-ch U20"]
[Site "Tagaytay City"]
[Date "2022.11.25"]
[Round "9"]
[White "Dau, Khuong Duy"]
[Black "Santiaguel, Jerico M"]
[Result "1-0"]
[WhiteElo "1993"]
[BlackElo "1646"]
[PlyCount "75"]
[EventDate "2022.11.19"]
[EventType "swiss"]
[EventRounds "9"]
[EventCountry "PHI"]
[SourceTitle "CBM 211 Extra"]
[Source "ChessBase"]
[SourceDate "2023.01.31"]
[SourceVersion "1"]
[SourceVersionDate "2023.01.31"]
[SourceQuality "1"]

1. e4 c6 2. d4 d5 3. e5 Bf5 4. h4 h5 5. c4 dxc4 6. Bxc4 e6 7. Nc3 Ne7 8. Bg5 Qb6 9. Qd2 Nd5 10. Nge2 Nxc3 11. bxc3 Ba3 12. Bb3 a5 13. 0-0 Qb5 14. Ng3 Bg6 15. f4 Qd3 16. Qxd3 Bxd3 17. Rf3 Bf5 18. Nxf5 exf5 19. Bc2 g6 20. c4 Be7 21. Rb1 Bxg5 22. hxg5 b5 23. cxb5 cxb5 24. Rc3 0-0 25. Rxb5 Nd7 26. Rc7 Rfc8 27. Rxc8+ Rxc8 28. Bb3 a4 29. Bxa4 Rc4 30. Bb3 Rxd4 31. Rd5 Rxd5 32. Bxd5 Nc5 33. Kf2 h4 34. Ke3 Kf8 35. Kd4 Na4 36. Bb3 Nb6 37. a4 Ke7 38. a5 1-0

[Event "Asia-ch U20"]
[Site "Tagaytay City"]
[Date "2022.11.23"]
[Round "7"]
[White "Paradero, Gabriel Ryan"]
[Black "Santiaguel, Jerico M"]
[Result "0-1"]
[WhiteElo "1294"]
[BlackElo "1646"]
[PlyCount "106"]
[EventDate "2022.11.19"]
[EventType "swiss"]
[EventRounds "9"]
[EventCountry "PHI"]
[SourceTitle "CBM 211 Extra"]
[Source "ChessBase"]
[SourceDate "2023.01.31"]
[SourceVersion "1"]
[SourceVersionDate "2023.01.31"]
[SourceQuality "1"]

1. e4 c6 2. Nc3 d5 3. Nf3 Bg4 4. h3 Bxf3 5. Qxf3 e6 6. d3 Nf6 7. Bd2 Bd6 8. g4 h5 9. 0-0-0 hxg4 10. hxg4 Rxh1 11. Qxh1 Qe7 12. g5 Ng4 13. exd5 Nxf2 14. Qh8+ Qf8 15. Qxf8+ Kxf8 16. Re1 exd5 17. Bg2 d4 18. Ne4 Nxe4 19. Rxe4 Bc5 20. b4 Bb6 21. Bf4 Na6 22. Bd6+ Kg8 23. g6 fxg6 24. Bh3 Nc7 25. Re7 Re8 26. Rxc7 Bxc7 27. Bxc7 Kf7 28. Kd2 g5 29. Bf5 b6 30. Be4 c5 31. bxc5 bxc5 32. Bd6 Rc8 33. Bb7 Rd8 34. Bxc5 Kf6 35. Bc6 a5 36. Ke2 Ke5 37. Be7 Rc8 38. Ba4 g4 39. Kf2 Kf4 40. Bd6+ Kg5 41. Kg3 Rc3 42. Bb3 Rc8 43. Be5 Rd8 44. Bxg7 Kf5 45. Ba4 Rd5 46. Bf8 Rd8 47. Be7 Rd5 48. Bc6 Re5 49. Be4+ Ke6 50. Ba3 Rg5 51. Kf4 Rh5 52. Bg2 Rh7 53. Bb2 Rc7 0-1

[Event "Eastern Asia-ch U20"]
[Site "Batangas"]
[Date "2019.12.13"]
[Round "6"]
[White "Santiaguel, Jerico M"]
[Black "Quizon, Daniel"]
[Result "0-1"]
[WhiteElo "1645"]
[BlackElo "2339"]
[PlyCount "67"]
[EventDate "2019.12.10"]
[EventType "swiss"]
[EventRounds "9"]
[EventCountry "PHI"]
[SourceTitle "CBM 193 Extra"]
[Source "ChessBase"]
[SourceDate "2020.01.31"]
[SourceVersion "1"]
[SourceVersionDate "2020.01.31"]
[SourceQuality "1"]

1. d4 Nf6 2. Nf3 g6 3. c4 Bg7 4. Nc3 d6 5. Bf4 0-0 6. e3 Nc6 7. h3 Bf5 8. Bd3 e5 9. Bg5 exd4 10. Nxd4 Nxd4 11. exd4 Re8+ 12. Be3 Ne4 13. Nxe4 Bxe4 14. 0-0 Qh4 15. Re1 Bxd3 16. Qxd3 Re7 17. Kh2 Rae8 18. g3 Qe4 19. Qxe4 Rxe4 20. Red1 f5 21. Rd3 g5 22. Bxg5 Rxd4 23. Rf3 Rxc4 24. Rxf5 Rc2 25. Rc1 Ree2 26. Rxc2 Rxc2 27. b4 Rxa2 28. b5 a5 29. Bd8 a4 30. Bxc7 Rd2 31. Rf3 Bb2 32. Ba5 Rd5 33. Bb4 Rxb5 34. Kg2 0-1